| 000 | 00460nam a22001691 4500 | ||
|---|---|---|---|
| 001 | bimo0000553084 | ||
| 003 | OSt | ||
| 005 | 20130930135755.0 | ||
| 008 | 900725s1972 sp spa | ||
| 040 | _cCDMR | ||
| 100 | 1 | 0 |
_aAmo, Antonio del _d1911-1991 |
| 245 | 1 | 0 |
_aEstética del montaje _cAntonio del Amo ; prólogo de Guido Aristarco |
| 260 | 0 |
_aMadrid _b[s.n.] _c1972 |
|
| 300 |
_aXXIII, 323 p. _c21 cm |
||
| 700 | 1 | _aAristarco, Guido | |
| 942 |
_2udc _cMON |
||
| 999 |
_c6625 _d6625 |
||